Pokémon chain #3 - Statistics

General Stats
  • This quiz has been taken 83 times
  • The average score is 17 of 20
Answer Stats
Hint Answer % Correct
Pelican-like Pokémon whose head and bill make up most of its body. Pelipper
94%
Camel-like Pokémon with two volcanoes on its back. Camerupt
93%
Fish-like Pokémon with a heart-shaped body. Luvdisc
90%
Legendary Dragon-type Pokémon with a green, serpentine body. Rayquaza
90%
Ghost-type Pokémon with gems for its eyes. Sableye
90%
Grass-type starting Pokémon resembling a small reptile. Treecko
90%
Monkey-like Pokémon with a three-fingered hand on the end of its tail. Aipom
87%
Penguin-like Pokémon with a red and white body that gives others presents. Delibird
87%
Water-type starting Pokémon with a large fin on its head. Mudkip
87%
Water/Rock-type Pokémon with a spiral shell that must be obtained from a fossil. Omanyte
87%
Electric-type baby Pokémon with horns that resemble the prongs of a plug. Elekid
85%
Dark-type Pokémon with white fur and a crescent-shaped horn on one side of its head. Absol
84%
Normal-type Pokémon with a large mouth and numerous tubes protruding from its body. Its shout can cause earthquakes. Exploud
82%
Ice/Ground-type Pokémon that looks like a small, shaggy lump with a piglike nose. Swinub
81%
Mythical Pokémon with an alien-like body and tentacle-like arms, and can take on four different forms. Deoxys
79%
Bug-type Pokémon with a red, steel-coated body and pincers on its forearms. Scizor
79%
Bipedal grass-type Pokémon with flowers for hands. Roselia
76%
Grass/Fighting-type Pokémon that resembles a cross between a kangaroo and a fungus. Breloom
74%
Robotic-looking Pokémon with four large legs and an X on its face. Metagross
74%
Mummy-like Pokémon with one large, red eye. Dusclops
69%
No matching quizzes found
Score Distribution
Percent of People with Each Score
Percentile by Number Answered
Your Score History
You have not taken this quiz